| 000 | 00829nam a22002657a 4500 | ||
|---|---|---|---|
| 005 | 20130404112540.0 | ||
| 008 | 130404b xxu||||| |||| 00| 0 eng d | ||
| 010 | _aENG-106791 | ||
| 020 |
_a9781259004971 _c375.00 |
||
| 020 |
_a125900497x _c375.00 |
||
| 035 | _aEN-90324 | ||
| 037 | _bDBAD / PUB | ||
| 040 |
_adpl _bEnglish |
||
| 082 | _a647.94068 | ||
| 100 | _aAndrews, Sudhir | ||
| 245 |
_aHotel front office: _cby Sudhir Andrews _ba training manual / |
||
| 250 | _a3rd ed | ||
| 260 |
_aNew Delhi _bTata McGraw-Hill _c2013 |
||
| 270 |
_aP-24, Green Park Extension _bNew Delhi _e110016 |
||
| 300 |
_axxxv,374p. : _bill. _c24cm(pbk) |
||
| 500 | _aIncludes bibliographical references | ||
| 650 | _aHotel management. | ||
| 650 | _aHotel front desk personnel | ||
| 942 |
_2ddc _cEN _h647.94068 _mAND |
||
| 999 |
_c74164 _d74164 |
||